The desert journal : (Record no. 119846)
[ view plain ]
| 000 -LEADER | |
|---|---|
| fixed length control field | 01191pam a2200325 a 4500 |
| 001 - CONTROL NUMBER | |
| control field | 2504585 |
| 003 - CONTROL NUMBER IDENTIFIER | |
| control field | ARRUPE |
| 005 - DATE AND TIME OF LATEST TRANSACTION | |
| control field | 20140131140632.0 |
| 008 - FIXED-LENGTH DATA ELEMENTS--GENERAL INFORMATION | |
| fixed length control field | 920626s1992 nyu 000 0aeng |
| 010 ## - LIBRARY OF CONGRESS CONTROL NUMBER | |
| LC control number | 92024101 |
| 020 ## - INTERNATIONAL STANDARD BOOK NUMBER | |
| International Standard Book Number | 0883448440 (pbk.) : |
| Terms of availability | $9.95 |
| 040 ## - CATALOGING SOURCE | |
| Original cataloging agency | DLC |
| Transcribing agency | DLC |
| Modifying agency | DLC |
| 041 1# - LANGUAGE CODE | |
| Language code of text/sound track or separate title | eng |
| Language code of original and/or intermediate translations of text | ita |
| 043 ## - GEOGRAPHIC AREA CODE | |
| Geographic area code | f-ae--- |
| 050 00 - LIBRARY OF CONGRESS CALL NUMBER | |
| Classification number | BX4705.C3183 |
| Item number | A3 1992 |
| 082 00 - DEWEY DECIMAL CLASSIFICATION NUMBER | |
| Classification number | 271/.79 |
| -- | B |
| Edition number | 20 |
| 300 ## - PHYSICAL DESCRIPTION | |
| Dimensions | 20 cm. |
| 100 1# - MAIN ENTRY--PERSONAL NAME | |
| Personal name | Carretto, Carlo. |
| 9 (RLIN) | 7586 |
| 240 10 - UNIFORM TITLE | |
| Uniform title | <a href="Abiodh, diario spirituale, 1954-1955.">Abiodh, diario spirituale, 1954-1955.</a> |
| Language of a work | English |
| 245 14 - TITLE STATEMENT | |
| Title | The desert journal : |
| Remainder of title | a diary, 1954-55 / |
| Statement of responsibility, etc | Carlo Carretto ; translated by Alison Swaisland Bucci. |
| 260 ## - PUBLICATION, DISTRIBUTION, ETC. (IMPRINT) | |
| Place of publication, distribution, etc | Maryknoll, N.Y. : |
| Name of publisher, distributor, etc | Orbis Books, |
| Date of publication, distribution, etc | c1992. |
| 300 ## - PHYSICAL DESCRIPTION | |
| Extent | 191 p. ; |
| 600 10 - SUBJECT ADDED ENTRY--PERSONAL NAME | |
| Personal name | Carretto, Carlo |
| General subdivision | Diaries. |
| 9 (RLIN) | 7587 |
| 610 20 - SUBJECT ADDED ENTRY--CORPORATE NAME | |
| Corporate name or jurisdiction name as entry element | Little Brothers of Jesus |
| General subdivision | Spiritual life. |
| 9 (RLIN) | 7588 |
| 610 20 - SUBJECT ADDED ENTRY--CORPORATE NAME | |
| Corporate name or jurisdiction name as entry element | Spiritual life |
| General subdivision | Catholic Church. |
| 9 (RLIN) | 7589 |
| 610 20 - SUBJECT ADDED ENTRY--CORPORATE NAME | |
| Corporate name or jurisdiction name as entry element | Catholic Church |
| General subdivision | Membership. |
| 9 (RLIN) | 7590 |
| 650 #0 - SUBJECT ADDED ENTRY--TOPICAL TERM | |
| Topical term or geographic name as entry element | Monks |
| Geographic subdivision | Algeria |
| General subdivision | Diaries. |
| 9 (RLIN) | 7591 |
| 906 ## - LOCAL DATA ELEMENT F, LDF (RLIN) | |
| a | 7 |
| b | cbc |
| c | orignew |
| d | 1 |
| e | ocip |
| f | 19 |
| g | y-gencatlg |
| 942 ## - ADDED ENTRY ELEMENTS (KOHA) | |
| Source of classification or shelving scheme | Library of Congress Classification |
| Koha item type | Monograph ( Printed materials) |
| Withdrawn status | Lost status | Source of classification or shelving scheme | Damaged status | Not for loan | Collection code | Home library | Current library | Shelving location | Date acquired | Total Checkouts | Full call number | Barcode | Date last seen | Price effective from | Koha item type |
|---|---|---|---|---|---|---|---|---|---|---|---|---|---|---|---|
| Library of Congress Classification | Main Collection | ARRUPE LIBRARY | ARRUPE LIBRARY | Main Collection | 31/01/2014 | BX4705.C3183 A3 1992 | 46412027 | 22/11/2017 | 31/01/2014 | Monograph ( Printed materials) |